Apuntes para una historia del movimiento obrero en Costa Rica, siglo XIX
Guardado en:
| Hovedforfatter: | |
|---|---|
| Format: | Texto |
| Udgivet: |
Heredia:
UNA
|
| Tags: |
Tilføj Tag
Ingen Tags, Vær først til at tagge denne postø!
|
MARC
| LEADER | 00000 a a2200000 04500 | ||
|---|---|---|---|
| 001 | 16748 | ||
| 003 | |||
| 040 | |||
| 090 | |a 004300 | ||
| 100 | |a Fallas Monge, Carlos Luis | ||
| 245 | |a Apuntes para una historia del movimiento obrero en Costa Rica, siglo XIX | ||
| 260 | |a Heredia: |b UNA | ||
| 300 | |a 36 p. | ||
| 999 | |c 17411 |d 17411 | ||
